000 01343cab a2200265 4500
001 E2713
008 090401t1995 xxu||||| |||| 00| 0 eng d
035 _a(Sirsi) u40604
041 _aeng
245 _aGrant v Broadland Properties Estates Limited
260 _c1995
350 _a0
490 _aSLC
_v1996 R 39-53(15)
520 _aFull Court. Lord Philip, D D McDiarmid, J Kinloch) Application Ross RN 479 - Order of 17 November 1995) Agricultural holding - rent determined by arbiter - appeal against arbiter`s award - grounds of appeal not limited to any matter in statement of case before arbiter - obligation on tenant in lease to install a drainage scheme - whther tenant`s improvement to be left out of account in determining the rent - sections 5 and 13 of the Agricultural Holdings (Scotland) Act 1991.
650 _aAGRICULTURAL HOLDINGS (SCOTLAND) ACT 1991
650 _aAGRICULTURAL HOLDINGS
650 _aARBITERS AWARD
650 _aMANAGEMENT-DISPUTE AVOIDANCE, MANAGEMENT AND RESOLUTION-DISPUTE MANAGEMENT AND RESOLUTION-ARBITRATION
650 _aSCOTTISH LAND COURT
650 _aSLC
690 _aMANAGEMENT-DISPUTE AVOIDANCE, MANAGEMENT AND RESOLUTION-DISPUTE MANAGEMENT AND RESOLUTION-ARBITRATION
690 _aLANDLORD AND TENANT-CASE LAW-AGRICULTURAL TENANCIES
942 _n0
948 _c04/03/1997
999 _c26016
_d26016